Statistics for Biggest Cities in the European Union by Letter - M

Click here to take the quiz!

General Stats

  • This quiz has been taken 305 times
    (230 since last reset)
  • The average score is 12 of 20

Answer Stats

RankPopulationCountryHintCity% Correct
21,450,000GermanyOktoberfestMunich
100%
13,166,000SpainReal and AtléticoMadrid
100%
31,346,000ItalyFashion CapitalMilan
99%
4858,000FranceBiggest French city on the MediterraneanMarseille
98%
6538,000United KingdomOld TraffordManchester
97%
8328,000SwedenØresund BridgeMalmö
92%
5569,000SpainCosta del SolMálaga
86%
10306,000GermanyCity of the squaresMannheim
65%
7441,000SpainEurope's orchardMurcia
57%
11275,000FrancePlace de la comédieMontpellier
52%
12260,000GermanyA German Team (Borussia...)Mönchengladbach
49%
9310,000GermanyPeace of WestphaliaMünster
48%
13238,000ItalyOn Sicily, but close to Reggio di CalabriaMessina
48%
14236,000GermanyCapital of Saxony-AnhaltMagdeburg
41%
15210,000GermanyZDFMainz
41%
18180,000United KingdomAbbreviated to MKMilton Keynes
41%
17185,000ItalyFerrariModena
36%
19176,000United KingdomIndustrial town, SmoggiesMiddlesbrough
29%
20169,000GermanyIn the Ruhr areaMülheim an der Ruhr
16%
16206,000SpainSuburb of MadridMóstoles
10%

Score Distribution

Percentile by Number Answered

Percent of People with Each Score

Your Score History

You have not taken this quiz since the last reset